Atrakcje w Łodzi - Statystyki

Ogólne statystyki
  • Ten quiz został rozwiązany 9 razy
  • Średni wynik to 8 z 21
Statystyki odpowiedzi
Opis Nazwa % Poprawnych
muzeum Centralne Muzeum {Włókiennictwa}
88%
ulica Piotrkowska
88%
dzielnica (dawna fabryka) {Księży} Młyn
75%
dawna fabryka (centrum handlowe) Manufaktura
75%
rezydencja przemysłowca + muzeum Pałac {Poznańskiego}
75%
centrum nauki Centrum Nauki i Techniki {EC1}
50%
cmentarz Cmentarz przy ulicy {Ogrodowej}
50%
strefa restauracyjna {OFF} Piotrkowska
50%
podwórko Pasaż {Róży}
50%
muzeum Muzeum {Kinematografii}
38%
stacja kolejowa getta Stacja {Radegast}
38%
muzeum Muzeum {Sztuki}
25%
ZOO Orientarium
25%
ogród egzotyczny Palmiarnia
25%
park Park {Źródliska}
25%
drewniany kościół Kościół św. {Józefa}
13%
muzeum Muzeum {Fabryki}
13%
sobór Sobór św. {Aleksandra}
13%
centrum nauki poniżej 10 lat Ulica {Żywiołów}
13%
rezydencja przemysłowca Willa {Herbsta}
13%
skansen Łódzki Park {Kultury}
0%
Nie znaleziono quizów pasujących do podanych kryteriów
Rozkład punktacji
Procent ludzi z każdym wynikiem
Percentyl według liczby udzielonych odpowiedzi
Twoja historia wyników
Nie rozwiązałeś tego quizu